<?xml version="1.0" encoding="UTF-8"?><?xml-stylesheet type="text/xsl" href="static/style.xsl"?><OAI-PMH xmlns="http://www.openarchives.org/OAI/2.0/" xmlns:xsi="http://www.w3.org/2001/XMLSchema-instance" xsi:schemaLocation="http://www.openarchives.org/OAI/2.0/ http://www.openarchives.org/OAI/2.0/OAI-PMH.xsd"><responseDate>2026-04-17T20:32:27Z</responseDate><request verb="GetRecord" identifier="oai:www.recercat.cat:10230/44371" metadataPrefix="marc">https://recercat.cat/oai/request</request><GetRecord><record><header><identifier>oai:recercat.cat:10230/44371</identifier><datestamp>2025-12-22T13:31:26Z</datestamp><setSpec>com_2072_6</setSpec><setSpec>col_2072_452952</setSpec></header><metadata><record xmlns="http://www.loc.gov/MARC21/slim" xmlns:dcterms="http://purl.org/dc/terms/" xmlns:xsi="http://www.w3.org/2001/XMLSchema-instance" xmlns:doc="http://www.lyncode.com/xoai" xsi:schemaLocation="http://www.loc.gov/MARC21/slim http://www.loc.gov/standards/marcxml/schema/MARC21slim.xsd">
   <leader>00925njm 22002777a 4500</leader>
   <datafield ind2=" " ind1=" " tag="042">
      <subfield code="a">dc</subfield>
   </datafield>
   <datafield ind2=" " ind1=" " tag="720">
      <subfield code="a">Montero, Núria</subfield>
      <subfield code="e">author</subfield>
   </datafield>
   <datafield ind2=" " ind1=" " tag="720">
      <subfield code="a">Quero, Maria</subfield>
      <subfield code="e">author</subfield>
   </datafield>
   <datafield ind2=" " ind1=" " tag="720">
      <subfield code="a">Melilli, Edoardo</subfield>
      <subfield code="e">author</subfield>
   </datafield>
   <datafield ind2=" " ind1=" " tag="720">
      <subfield code="a">Pérez-Sáez, María José</subfield>
      <subfield code="e">author</subfield>
   </datafield>
   <datafield ind2=" " ind1=" " tag="720">
      <subfield code="a">Redondo Pachón, María Dolores</subfield>
      <subfield code="e">author</subfield>
   </datafield>
   <datafield ind2=" " ind1=" " tag="720">
      <subfield code="a">Bestard, Oriol</subfield>
      <subfield code="e">author</subfield>
   </datafield>
   <datafield ind2=" " ind1=" " tag="720">
      <subfield code="a">Crespo Barrio, Marta</subfield>
      <subfield code="e">author</subfield>
   </datafield>
   <datafield ind2=" " ind1=" " tag="720">
      <subfield code="a">Cruzado, Josep Ma.</subfield>
      <subfield code="e">author</subfield>
   </datafield>
   <datafield ind2=" " ind1=" " tag="720">
      <subfield code="a">Pascual Santos, Julio</subfield>
      <subfield code="e">author</subfield>
   </datafield>
   <datafield ind2=" " ind1=" " tag="260">
      <subfield code="c">2020-04-30T07:22:21Z</subfield>
   </datafield>
   <datafield ind2=" " ind1=" " tag="260">
      <subfield code="c">2019</subfield>
   </datafield>
   <datafield ind2=" " ind1=" " tag="520">
      <subfield code="a">Background: The current standard of care immunosuppressive regimen in kidney transplantation (KT) includes a combination of mycophenolates (MMF/MPA) with a calcineurin inhibitor (CNI). Methods: We designed a systematic review including all randomized clinical trials (RCTs) assessing the outcomes in KT recipients receiving mTORi + CNI compared with regimens containing MMF/MPA or azathioprine with CNI. Results: A total of 24 studies with 7356 participants were included. The comparison between mTORi-CNI and MMF/MPA-CNI did not show differences in acute rejection, mortality, or graft loss rates. Better graft function was observed using MMF/MPA-CNI than using mTORi + CNI, but this difference was not evident when the mTORi was associated with reduced dose CNI in more recent studies with everolimus. Dyslipidemia, lymphoceles, and impaired wound healing were more frequent with mTORi-CNI and diarrhea and leukopenia were more frequent with MMF/MPA-CNI. Viral infections at any time and malignant neoplasia beyond 2 years were less frequent with mTORi-CNI. Rates of discontinuation because of adverse effects in the mTORi groups varied between 17% and 46% compared to 0%-26.6% in MMF/MPA groups. The current use of lower mTORi dosage has decreased the discontinuation rates. Conclusions: Efficacy is similar with mTORi + CNI and MMF/MPA-CNI. The safety profile is the predominant difference between the 2 regimens.</subfield>
   </datafield>
   <datafield tag="653" ind2=" " ind1=" ">
      <subfield code="a">Ronyons--Trasplantació</subfield>
   </datafield>
   <datafield tag="653" ind2=" " ind1=" ">
      <subfield code="a">Immunosupressió</subfield>
   </datafield>
   <datafield ind2="0" ind1="0" tag="245">
      <subfield code="a">Mammalian target of rapamycin inhibitors combined with Calcineurin inhibitors as initial immunosuppression in renal transplantation: a meta-analysis</subfield>
   </datafield>
</record></metadata></record></GetRecord></OAI-PMH>